|
|
|
|
| LEADER |
01001nam a2200253 4500 |
| 001 |
41283 |
| 003 |
BD-DhAAL |
| 005 |
20230718160451.0 |
| 008 |
230718b enka|||| |||| 001 0 eng d |
| 020 |
|
|
|a 0521051282
|
| 040 |
|
|
|a BD-DhAAL
|d BD-DhAAL
|
| 082 |
|
|
|a 330.1
|
| 100 |
|
|
|a Graaff, J. de V.
|9 55135
|
| 245 |
|
|
|a Theoretical welfare economics /
|c J. deV Graaff; Foreword by Paul A. Samuelson.
|
| 260 |
|
|
|a Cambridge ;
|a New York, NY :
|b Cambridge University Press,
|c 1967 [Reprinted 1975].
|
| 300 |
|
|
|a 178 pages :
|b illustrations ;
|c 22 cm.
|
| 500 |
|
|
|a Includes index.
|
| 541 |
|
|
|a Donated By Akbar Ali Khan
|e 41283
|
| 650 |
|
|
|a Economics.
|
| 700 |
|
|
|a Samuelson, Paul A.
|9 35236
|
| 852 |
|
|
|a Ayesha Abed Library
|c Akbar Ali Khan Collcetions
|
| 942 |
|
|
|2 ddc
|c BK
|
| 999 |
|
|
|c 45998
|d 45998
|
| 952 |
|
|
|0 0
|1 0
|2 ddc
|4 0
|6 330_100000000000000_GRA
|7 1
|9 74086
|a BRACUL
|b BRACUL
|c AAKC
|d 2023-07-18
|e Donated by Akbar Ali Khan
|l 0
|o 330.1 GRA
|p 3010041283
|r 2023-07-18
|t 1
|w 2023-07-18
|y BK
|x price are not available in book.
|